Vybrané aspekty marketingu v prostredí e-businessu dizertačná práca

Guardado en:
Detalles Bibliográficos
Autor principal: Miklošík, Andrej
Autor Corporativo: Ekonomická univerzita v Bratislave. Obchodná fakulta
Otros Autores: Mariaš, Miroslav
Formato: Libro
Lenguaje:eslovaco
Publicado: Bratislava 2007
Materias:
Etiquetas: Agregar Etiqueta
Sin Etiquetas, Sea el primero en etiquetar este registro!

MARC

LEADER 00000nam$a2200000$$$4500
001 0100038
005 20240502072110.4
041 0 |a slo 
044 |a SK 
245 1 0 |a Vybrané aspekty marketingu v prostredí e-businessu  |b dizertačná práca  |c Andrej Miklošík ; škol. Miroslav Mariaš 
264 1 |a Bratislava  |c 2007 
300 |a 194 s. 
610 2 0 |a komunikácia marketingová 
610 2 0 |a marketing 
610 2 0 |a podnikanie elektronické 
610 2 0 |a marketing mix 
100 1 |a Miklošík, Andrej 
700 1 |a Mariaš, Miroslav 
710 2 |a Ekonomická univerzita v Bratislave. Obchodná fakulta